000 00267nam a22001217a 4500
003 SGT
082 _bUNE
100 _aUNESCO
245 _aEDUCATION FOR ALL 2000-2015 ACHIVEMENTS AND CHALLENGGES
260 _aUSA
_bUNESCO
_c2015
300 _a499
942 _2ddc
_cBK
999 _c19987
_d19987